Normal view
MARC view
Entry Personal Name
001 - CONTROL NUMBER
- control field: 11177
003 - CONTROL NUMBER IDENTIFIER
- control field: OSt
005 - DATE AND TIME OF LATEST TRANSACTION
- control field: 20161011190000.0
008 - FIXED-LENGTH DATA ELEMENTS
- fixed length control field: 161011|| aca||aabn | a|a d
040 ## - CATALOGING SOURCE
- Original cataloging agency: OSt
- Transcribing agency: OSt
100 ## - HEADING--PERSONAL NAME
- Personal name: Hegedus, Louis S;
670 ## - SOURCE DATA FOUND
- Source citation: Work cat.: (OSt): Hegedus, Louis S;, Transition Metals in the Synthesis of Complex Organic Molecules., 1999.
